000 00265nam a22001337a 4500
003 SGT
082 _a070
_bN79M
100 _aMAVALANKAR, P.G.
245 _aNO SIR
260 _bSANISTHA PRAKASHAN
_c1979
300 _a314
650 _aJOURNALISM
942 _2ddc
_cBK
999 _c28577
_d28577